000 00345nam a2200121 4500
999 _c9522
_d9522
008 180706b ||||| |||| 00| 0 eng d
100 _928294
_aCabrera, Romina
245 _aQc cop charged with extortion/
_cRomina Cabrera
260 _aPhilippines
_bThe Philippine Star
_cc2016
300 _apage 15.
650 0 _928297
_aPolice.
942 _2ddc
_cPER